00471 a2200169 4500020001500000040001300015082001200028100002200040245004300062260003600105300002100141500002900162650004000191650003000231651001900261655002100280 a0007120915 aDLCbDLC00a813/.541 aChristie, Agatha,12aA Caribbean mysterycChristie, Agatha. aLondon:bHarper Collins :c1964 a286 p. ;c22 cm. a"A Miss Marple mystery." 0aMarple, Jane (Fictitious character) 0aWomen detectiveszEngland 0aCaribbean Area 7aMystery fiction.